000 00479nam a22001937a 4500
003 NUST - PNEC
005 20170116180748.0
008 150223b xxu||||| |||| 00| 0 eng d
020 _a-
040 _cLIBRARY
082 _a297.07 SAR
100 _91441
_aSarwar Ghulam
245 _aIslam Beliefs & Teachings
_cGhulam Sarwar
250 _a-
260 _aLahore
_bDawah Academy,IIU,Islamabad
_cc.1992
300 _a236 p. :
650 _91442
_aIslam
_x-
942 _2ddc
_cBK
999 _c62416
_d62416